Suomen järvi-loppuiset kunnat - Statistics

Yleistilastot
  • Tätä visaa on pelattu 645 kertaa
  • Keskiarvotulos 18 / 25
Vastaustilastot
Maakunta Kunta % Oikein
Lappi Kemijärvi
92%
Pohjois-Pohjanmaa Pyhäjärvi
84%
Etelä-Pohjanmaa Lappajärvi
81%
Etelä-Pohjanmaa Alajärvi
80%
Pohjois-Pohjanmaa Haapajärvi
78%
Keski-Suomi Kyyjärvi
75%
Uusimaa Lapinjärvi
75%
Uusimaa Nurmijärvi
75%
Keski-Suomi Saarijärvi
75%
Pirkanmaa Ylöjärvi
75%
Etelä-Pohjanmaa Evijärvi
74%
Keski-Suomi Kivijärvi
74%
Kainuu Ristijärvi
72%
Pohjois-Pohjanmaa Pudasjärvi
71%
Pohjois-Pohjanmaa Merijärvi
69%
Pohjois-Savo Siilinjärvi
69%
Satakunta Jämijärvi
68%
Keski-Pohjanmaa Lestijärvi
68%
Pohjois-Karjala Tohmajärvi
68%
Pohjois-Pohjanmaa Reisjärvi
67%
Pohjois-Pohjanmaa Utajärvi
67%
Etelä-Karjala Rautjärvi
66%
Pohjois-Karjala Polvijärvi
65%
Kanta-Häme Hausjärvi
63%
Pohjois-Savo Sonkajärvi
63%
Ehtoja vastaavia visoja ei löytynyt
Tulosjakauma
Jokaisen tuloksen saaneiden osuus
Persentiili vastausten määrän mukaan
Tuloshistoriasi
Et ole pelannut tätä visaa